[Event "BCF-chT3 0203 (4NCL)"]
[Site "West Bromwich"]
[Date "2002.11.10"]
[Round "2.7"]
[White "Richardson, Alex"]
[Black "Keddie, David A"]
[Result "1-0"]
[WhiteElo "2098"]
[BlackElo "2000"]
[PlyCount "65"]
[EventDate "2002.11.??"]
[EventType "team"]
[EventRounds "11"]
[EventCountry "ENG"]
[SourceTitle "EXT 2004"]
[Source "ChessBase"]
[SourceDate "2003.11.25"]
[SourceVersion "1"]
[SourceVersionDate "2003.11.25"]
[SourceQuality "1"]
[WhiteTeam "Slough II"]
[BlackTeam "Wessex II"]
[WhiteTeamCountry "ENG"]
[BlackTeamCountry "ENG"]

1. e4 e5 2. Nf3 Nc6 3. d4 exd4 4. Nxd4 Nf6 5. Nxc6 bxc6 6. e5 Qe7 7. Qe2 Nd5 8. c4 Nb6 9. Nc3 d5 10. exd6 cxd6 11. Bg5 Qxe2+ 12. Bxe2 Be6 13. Bf3 Rc8 14. c5 Nd7 15. cxd6 Bxd6 16. 0-0 0-0 17. Ne4 Be5 18. Be7 Rfe8 19. Nd6 Bxd6 20. Bxd6 Nf6 21. Bc5 a6 22. Be2 Rb8 23. b4 Ra8 24. a4 Nd5 25. Rfc1 a5 26. b5 cxb5 27. axb5 Nb4 28. Bd6 Bd5 29. Bf1 Rac8 30. Rxc8 Rxc8 31. Rxa5 Nc2 32. b6 Ba8 33. Rxa8 1-0

[Event "BCF-chT3 0203 (4NCL)"]
[Site "West Bromwich"]
[Date "2002.11.09"]
[Round "1.7"]
[White "Keddie, David A"]
[Black "Retallick, Lloyd"]
[Result "0-1"]
[WhiteElo "2000"]
[BlackElo "1840"]
[PlyCount "76"]
[EventDate "2002.11.??"]
[EventType "team"]
[EventRounds "11"]
[EventCountry "ENG"]
[SourceTitle "EXT 2004"]
[Source "ChessBase"]
[SourceDate "2003.11.25"]
[SourceVersion "1"]
[SourceVersionDate "2003.11.25"]
[SourceQuality "1"]
[WhiteTeam "Wessex II"]
[BlackTeam "Poisoned Pawns II"]
[WhiteTeamCountry "ENG"]
[BlackTeamCountry "ENG"]

1. e4 c6 2. c4 d5 3. exd5 cxd5 4. cxd5 Nf6 5. Nc3 Nxd5 6. Nf3 e6 7. a3 Be7 8. d4 0-0 9. Bd3 Nxc3 10. bxc3 Nd7 11. Qe2 Nf6 12. Ne5 b6 13. g4 Bb7 14. Rg1 Nd5 15. Bd2 Rc8 16. Rg3 g6 17. Rh3 Bg5 18. Rc1 Nf4 19. Bxf4 Bxf4 20. Rc2 Bg2 21. Rg3 Bxg3 22. hxg3 Bd5 23. c4 Bb7 24. Qe3 Qd6 25. g5 Rcd8 26. c5 Qxd4 27. c6 Bxc6 28. Rxc6 Qxe3+ 29. fxe3 Rd5 30. Nxf7 Kxf7 31. Bc4 Rxg5 32. Rxe6 Kg7 33. Re7+ Kh6 34. Rxa7 Rxg3 35. e4 Re3+ 36. Kd2 Rxe4 37. Kd3 Ref4 38. Rb7 R8f6 0-1